000 00616nam a2200229Ia 4500
003 OSt
005 20220924121657.0
006 a|||||r|||| 00| 0
007 ta
008 220923b |||||||| |||| 00| 0 san d
024 _a247850
037 _cTextual
040 _aARTS
_cARTS
_bsan
041 _2san
_asan
082 _aO15,8NPRx, M6
100 _aShastri Prashyamiter
_9186862
245 0 _aHas-vilasah
260 _aKanpur
_bSikahas Prakahan India
_c1986
650 _aSANSKRIT LITERATURE
942 _hO15,8NPRx, M6
_cTEXL
_2CC
999 _c408556
_d408556